Checklist (Record no. 75692)

MARC details
000 -LEADER
fixed length control field 00708cab a2200193 4500
001 - CONTROL NUMBER
control field L130550
008 - FIXED-LENGTH DATA ELEMENTS--GENERAL INFORMATION
fixed length control field 050811n2005 000 0 eng u
035 ## - SYSTEM CONTROL NUMBER
System control number (Sirsi) u130550
041 0# - LANGUAGE CODE
Language code of text/sound track or separate title eng
100 1# - MAIN ENTRY--PERSONAL NAME
Personal name Brownrigg, Scott
245 00 - TITLE STATEMENT
Title Checklist
Remainder of title office fit-outs
260 ## - PUBLICATION, DISTRIBUTION, ETC.
Date of publication, distribution, etc. 2005
490 #0 - SERIES STATEMENT
Series statement Building
Volume/sequential designation 270(8393) 5 August 2005, 55(1)
520 ## - SUMMARY, ETC.
Summary, etc. Provides a brief checklist for office fit-out specifiers. Gives guidance on selecting the type of fit-out, initial steps, migration planning, specifying for refurbished buildings and completion.
590 ## - LOCAL NOTE (RLIN)
Local note IKA160805
651 #4 - SUBJECT ADDED ENTRY--GEOGRAPHIC NAME
Geographic name United Kingdom
Chronological subdivision
690 ## - LOCAL SUBJECT ADDED ENTRY--TOPICAL TERM (OCLC, RLIN)
Topical term or geographic name as entry element BUILT ENVIRONMENT-BUILDING ELEMENTS-EQUIPMENT, FITTINGS AND FURNITURE
942 ## - ADDED ENTRY ELEMENTS (KOHA)
Suppress in OPAC 0
Holdings
Withdrawn status Lost status Source of classification or shelving scheme Damaged status Not for loan Home library Current library Shelving location Date acquired Total Checkouts Full call number Barcode Date last seen Copy number Price effective from Koha item type
    Dewey Decimal Classification     London London Journal article 11/08/2005   L130550 130550-1001 06/08/2019 1 06/08/2019 Journal article